| 000 | 01197nam0a22003131 4500 | ||
|---|---|---|---|
| 001 | v19\rc\1742846 | ||
| 005 | 20260406212735.0 | ||
| 035 | _a(NLR Aleph) 004849408 | ||
| 090 |
_a4905467 _c4905467 |
||
| 100 | _a20061204d1902 |||y0rusy50 ca | ||
| 101 | 0 | _arus | |
| 102 | _aRU | ||
| 105 | _ay b ||||| | ||
| 200 | 1 |
_aКаталог русских книг и периодических изданий библиотеки Леона Идзиковского _f[Сост. И.И. Самоненко] |
|
| 210 |
_aКиев _d1902 |
||
| 215 |
_a[2], 580 с. _d22 |
||
| 702 | 1 |
_aСамоненко _bИ.И. _gИван Иванович _4220 |
|
| 702 | 1 |
_4570 _7ca _8rus _aИдзиковский _bЛ. В. _cиздатель _f1827-1865 _gЛеон Викентьевич _9198872 _3RU\NLR\AUTH\770198923 |
|
| 710 | 0 | 0 |
_aИдзиковский, _gЛеон Викентьевич, _hбиблиотека _cКиев _3RU\NLR\AUTH\889970270 _9436861 |
| 801 | 0 |
_aRU _bNLR _gpsbo |
|
| 801 | 0 |
_aRU _bRuMoRGB _2psbo |
|
| 801 | 1 |
_aRU _bProSoft-M _2rusmarc |
|
| 852 |
_aNLR _bБ _j9860/И-295 |
||
| 899 |
_aRuMoRGB _jR 32/536 |
||
| 899 | _aБАН | ||
| 899 | _aНБ СПбГУ | ||
| 942 | _cBOOK | ||
| 980 | _aNB | ||